00358nam a2200121Ia 4500008004000000020001800040082001500058100002100073245004800094260003800142300000800180650004800188210210b1968 xxu||||| |||| 00| 0 eng d a0 333 09309 7 a820.9 DYSS aDYSON (A E), Ed. aShakespeare Hamlet: a casebook by John Jump aLondonbMacmillan Press Ltdc1968 a221 aShakespear Hamlet Critical Essays Case Book